| 000 | 00794cab a2200253 4500 | ||
|---|---|---|---|
| 001 | WB3439-36 | ||
| 008 | 090401t1998 xxu||||| |||| 00| 0 eng d | ||
| 035 | _a(Sirsi) u88954 | ||
| 041 | _aeng | ||
| 245 | _aWhose agent is it anyway? | ||
| 260 | _c1998 | ||
| 350 | _a0 | ||
| 490 |
_aEstates Gazette _v(9841) 10 October 1998, 51(1) |
||
| 520 | _a"Duncan Investments Ltd v Underwood" 1998 considers whether an estate agent owes a duty of care to the vendor as well as to the client. | ||
| 650 | _aCONFLICT OF INTERESTS | ||
| 650 | _aDISCLAIMERS | ||
| 650 | _aDUNCAN INVESTMENTS LTD V UNDERWOODS | ||
| 650 | _aDUTY OF CARE | ||
| 650 | _aESTATE AGENTS | ||
| 650 | _aLIABILITY | ||
| 690 | _aMANAGEMENT-BUSINESS MANAGEMENT-PROFESSIONAL PRACTICE | ||
| 942 | _n0 | ||
| 948 | _c13/10/1998 | ||
| 999 |
_c56241 _d56241 |
||